| 000 | 00910cam a22003011 4500 | ||
|---|---|---|---|
| 999 |
_c21431 _d21431 |
||
| 001 | 8451742 | ||
| 003 | BDDh-ASL | ||
| 005 | 20231015030008.0 | ||
| 008 | 720919s1964 enk b 000 0 eng | ||
| 010 | _a 64002857 | ||
| 015 | _aGB64-2066 | ||
| 035 | _a(OCoLC)409396 | ||
| 040 |
_aDLC _cODaWU _dOCoLC _dUk _dDLC _dBDDh-ASL |
||
| 042 | _apremarc | ||
| 050 | 0 | 0 |
_aDS450.C5 _bL3 1964 |
| 082 |
_a327.54 _bLAC |
||
| 100 | 1 |
_aLamb, Alastair, _d1930- |
|
| 245 | 1 | 4 |
_aThe China-India border: _bThe Origins of the Disputed Boundaries / |
| 260 |
_aLondon: _aNew York: _bOxford University Press, _c1964. |
||
| 300 | _a192 p. | ||
| 490 | 0 |
_aChatham House essays, _v2 |
|
| 504 | _aBibliography: p.[183]-191. | ||
| 650 | 0 |
_91531 _aInternational Relations |
|
| 651 | 0 |
_aChina _xBoundaries _zIndia. |
|
| 651 | 0 |
_aIndia _xBoundaries _zChina. |
|
| 906 |
_a7 _bcbc _coclcrpl _du _encip _f19 _gy-gencatlg |
||
| 942 |
_2ddc _cBK |
||